00402nam a2200145Ia 4500008004100000020001800041041000800059082001500067100002500082245006100107250000600168260005200174300001000226650002000236210716s2011 xx 000 0 und d a9788120329706 aeng a174.4 VELM aVelasquez, Manuel G. aBusiness ethics: concepts and cases.bConcepts and cases a6 aNew DelhibPrentice Hall of India PVt Ltdc2011 ax,437 aBusiness Ethics